1082 1232 1996 1038 1772 1702 1510 1091 1607 1904 1143 1758 1151 1319 1907 1434 1014 1647 1945 1535 1071 1436 1950 1166 1057 1095 1780 1382 1715 1195 1309 1611 1295 1333 1944 1956 1104 1595 1920 1611 1833 1178 1559 1544 1261 1895 1369 1894 1763 1904 1094 1720 1251 1253 1076 1148 1569 1521 1887 1400 1805 1719 1800 1837 1839 1268 1600 1132 1303 1022 1248 1289 1497 1945 1876 1532 1641 1854 1863 1003 1431 1635 1260 1883 1152 1944 1076 1218 1043 1958 1509 1599 1740 1590 1143 1304 1866 1606 1706 BCNSPRNW ULIB Ver.6.0+V

เปลี่ยนเป็นภาษาไทย

Change to English
 แสดงรายละเอียดบรรณานุกรม
  กลับหน้าหลัก

Brief Record : Get Marc (ISO 2709) : E-mail record : QR code < ปิดหน้าต่าง
LEADER : 00000nam 2200000uu 4500
001    13399123268
003     ULIB
008    140813s||||||||th 000 0 tha d
020    ^a9789741113941
060  4 ^aW84.6.JT3^bส179 ล.1
245 10 ^aสถานการณ์งานวิจัยและแนวทางการพัฒนากรอบการวิจัยเพื่อพัฒนาระบบบริการปฐมภูมิ เล่ม 1/^c[คณะผู้วิจัย สุพัตราศรีวณิชชากร...และคนอื่นๆ]
246 14 ^aสถานการณ์งานวิจัยและแนวทางการพัฒนากรอบการวิจัยเพื่อพัฒนาระบบบริการปฐมภูมิ.^nเล่ม 1
250    ^aพิมพ์ครั้งที่ 1
260    ^aนครปฐม :^bสำนักงานวิจัยและพัฒนาระบบสุขภาพชุมชน,^c2553
300    ^a130 หน้า :^bภาพประกอบ
490 0  ^aชุดรวมผลงานวิจัยของสำนักงานวิจัยและพัฒนาระบบสุขภาพชุมชนพ.ศ. 2550-2552 ;^vเล่มที่ 1
505 0  ^a^tรายงานสถานการณ์งานวิจัยฯ รายภาค - -^tรายงานสถานการณ์งานวิจัยด้านสถานการร์บริการประชาชน - -^tรายงานสถานการณ์งานวิจัยหมวดบริการ -- ^tรายงานสถานการณ์งานวิจัยหมวดบริหารจัดการและระบบสนับสนุน - -^tรายงานสถานการณ์งานวิจัยด้านสมรรถนะและบทบาทของบุคลากรสาธารณสุขในหน่วยบริการปฐมภูมิ - -^tรายงานสถานการณ์งานวิจัยด้านการทำงานชุมชน ท้องถิ่น
650  7 ^aปริการปฐมภูมิ(การแพทย์)^zไทย^xวิจัย^vรวมเรื่อง
650  7 ^aบริการทางการแพทย์^zไทย^xวิจัย^vรวมเรื่อง
700 0  ^aสุพัตรา ศรีวณิชชากร
710 2  ^aสำนักงานวิจัยและพัฒนาระบบสุขภาพชุมชน
856    ^zสถานการณ์งานวิจัย.pdf (Content)^uhttp://113.53.248.4/ULIB6//_fulltext/5/13399123268/20140813111246_4487.pdf
945    ^p0^l0^i034566
999    ^aเกษร โพธิ์สุวรรณ
รายการนี้ยังไม่มีแท็ก
คุณยังไม่ได้ล็อกอิน คุณสามารถมีกิจกรรมร่วมกับเว็บไซต์ได้ แต่ต้องล็อกอินก่อน ::
  ล็อกอิน

รายการสื่อสารสนเทศ

ลำดับที่ ประเภท เลขเรียก/บาร์โค้ด สถานที่ สถานะ
1. วิทยาศาสตร์การแพทย์ และสุขภาพ
หนังสือสำรอง
สถานะ=หนังสือสำรอง
W84.6.JT3 ส179 ล.1 ฉ.1 
  Barcode: 034566
ห้องสมุดวิทยาเขตสวรรค์ประชารักษ์
►ส่วนจัดเก็บหนังสือเก่า สปร
บนชั้น
  ขอยืม

BibComment


ยังไม่เคยถูกคอมเมนท์

คอมเมนท์ทรัพยากรรายการนี้
  คอมเมนท์: สถานการณ์งานวิจั..


 Copyright 2026. Bcnsprnw @Library